History Quiz

Random History or Art Quiz

Find the van Gogh Paintings Quiz Stats

 Plays Quiz Updated Apr 23, 2017

Support Sporcle.
Go Orange.
Score 0/10 Timer 03:00
2 Plays Today
% Correct
The Olive Trees
97%
Self-Portrait with Bandaged Ear
97%
The Potato Eaters
96.8%
Sunflowers
96.8%
The Church at Auvers
96%
Café Terrace at Night
94.5%
The Starry Night
93.8%
Still Life:
Vase with Irises
Against a Yellow Background
88.8%
Starry Night Over the Rhone
83.4%
View of the Sea at Scheveningen
77.9%

You're not logged in!

Compare scores with friends on all Sporcle quizzes.
OR
Log In
Forgot?

From the Vault

15 in 15: Birds

by pecheneg

Those birds are adorable. We'll take 15 of them, please.
Remove Ads.
Support Sporcle.
Get the best of Sporcle when you Go Orange. This ad-free experience offers more features, more stats, and more fun while also helping to support Sporcle. Thank you for becoming a member.

Show Comments

Extras

Top Quizzes Today


Score Distribution

Your Account Isn't Verified!

In order to create a playlist on Sporcle, you need to verify the email address you used during registration. Go to your Sporcle Settings to finish the process.

Report this User

Report this user for behavior that violates our Community Guidelines.

Details: